Les 23 joueurs de l'Equipe de France de football (Coupe du monde 2018) - Statistiques

Statistiques générales
  • Ce quiz a été pris 47 459 fois
  • Le résultat moyen est 19 sur 23
Statistiques - réponses
Numéro Joueur Poste Club % Correct
1 Hugo Lloris Gardien Tottenham Hotspur
99%
10 Kylian Mbappé Attaquant Paris Saint-Germain
98%
6 Paul Pogba Milieu Manchester United
97%
7 Antoine Griezmann Attaquant Atlético Madrid
94%
13 N'Golo Kanté Milieu Chelsea FC
94%
4 Raphaël Varane Défenseur Real Madrid
94%
2 Benjamin Pavard Défenseur VfB Stuttgart
93%
9 Olivier Giroud Attaquant Chelsea FC
91%
11 Ousmane Dembélé Attaquant FC Barcelone
91%
16 Steve Mandanda Gardien Olympique de Marseille
90%
23 Alphonse Areola Gardien Paris Saint-Germain
89%
3 Presnel Kimpembe Défenseur Paris Saint-Germain
89%
5 Samuel Umtiti Défenseur FC Barcelone
88%
22 Lucas Hernandez Défenseur Atlético Madrid
83%
21 Adil Rami Défenseur Olympique de Marseille
82%
18 Florian Thauvin Attaquant Olympique de Marseille
77%
17 Benjamin Mendy Défenseur Manchester City
75%
14 Blaise Matuidi Milieu Juventus FC
74%
12 Corentin Tolisso Milieu Bayern Munich
74%
15 Steven Nzonzi Milieu Séville FC
73%
20 Nabil Fekir Attaquant Olympique lyonnais
68%
8 Thomas Lemar Attaquant AS Monaco
65%
19 Djibril Sidibé Défenseur AS Monaco
62%
Aucun quiz correspondant
Distribution des résultats
% des personnes avec chaque résultat
Percentile par nombre de réponses
Votre historique - résultats
Vous n’avez pas pris ce quiz